000 00725nam a22002537a 4500
001 51617
003 UA-OsUOA
005 20221010140544.0
007 ta
008 20080117b un ||||| |||| 00| 0 ukr d
020 _a966-351-004-8
040 _aUA-OsUOA
_bukr
_cUA-OsUOA
_dUA-OsUOA
041 _aukr
080 _a330.322.1:366
090 _a330.322.1:366
_bК93
100 _aКуриленко Т. П.
245 _aПроектне фінансування
_bпідручник
260 _aК.
_bКондор
_c2006
300 _a208 с.
650 7 _a330 Економіка взагалі
_2UDC
942 _cBK
_2udc
955 _a2
999 _c337710
_d337710